000
00322nam a22001337a 4500
020
_a
9788184870396
082
_a
664.002
_b
CHO/FO
100
_a
Chopra, H.K
245
_a
Food chemistry
260
_a
New Delhi
_b
Narosa Publishing House
_c
2010
300
_a
588p
_b
579figs.; 105 tbls
700
_a
Panesar, P.S
942
_c
BK
999
_c
14039
_d
14039